| 000 | 00967nam a22003017a 4500 | ||
|---|---|---|---|
| 001 | 4569 | ||
| 003 | FISKH | ||
| 005 | 20250826103952.0 | ||
| 008 | 240917b cb ||||| |||| 00| 0 eng d | ||
| 020 | _a0380700670 | ||
| 040 |
_aFISKH _beng _cFISKH _dFISKH |
||
| 050 | _aPR6029.R8 | ||
| 082 | _2823.912 | ||
| 100 |
_aParish, Peggy _d(1927–1988) |
||
| 245 |
_aAmelia bedelia goes camping / _cBy Peggy Parish Pictures by Lynn Sweat |
||
| 250 | _aFirst printing in 1986 | ||
| 260 |
_aNew York : _bAvon Camelot, _c1986. |
||
| 300 |
_a60 pages : _bcolor illustrations ; _c20cm |
||
| 505 | _aG | ||
| 520 | _aAs always, Amelia Bedelia follows exactly the instructions given to her on a camping trip, including pitching a tent and rowing boats. | ||
| 521 | 8 |
_a380
_bLexile |
|
| 521 | 8 |
_aG
_bRaz-Plus |
|
| 650 |
_2Early reader _aPicture book |
||
| 650 |
_2Camping _aFunny |
||
| 700 |
_aSweat, Lynn _dIllustrator ; |
||
| 942 |
_2ddc _cBK _n0 |
||
| 999 |
_c4569 _d4569 |
||